00290pab a2200121 454500008004000000100001900040245003200059260000900091300001300100362001000113650001100123773003400134180718b2009 xxu||||| |||| 00| 0 eng d aSankaran, S.R. aCurbing the power to arrest c2009 ap.12-14. a7 Mar aPolice aEconomic and Political Weekly